| 000 | 00472nam a2200205Ia 4500 | ||
|---|---|---|---|
| 003 | OSt | ||
| 005 | 20251211101843.0 | ||
| 008 | 250729s1900 xx 000 0 und d | ||
| 020 | _a9789386241788 | ||
| 040 | _cAL | ||
| 041 | _aeng | ||
| 082 | _a320 DUBP | ||
| 100 |
_aDubey S N _9226714 |
||
| 245 | _aPolitical science theory | ||
| 260 | _aAgra | ||
| 300 | _a483p | ||
| 650 |
_aPolitical Science _9226715 |
||
| 700 |
_aRao Digumurthi _9226716 |
||
| 942 |
_2ddc _cBED |
||
| 999 |
_c237396 _d237396 |
||